BUSINESS COMMUNICATION (Record no. 6432)
[ view plain ]
| 000 -LEADER | |
|---|---|
| fixed length control field | 00245nam a2200109Ia 4500 |
| 082 ## - DEWEY DECIMAL CLASSIFICATION NUMBER | |
| Classification number | 651.74 |
| Item number | MAL |
| 100 ## - MAIN ENTRY--PERSONAL NAME | |
| Personal name | Malik,R.M.S |
| 245 ## - TITLE STATEMENT | |
| Title | BUSINESS COMMUNICATION |
| 260 ## - PUBLICATION, DISTRIBUTION, ETC. (IMPRINT) | |
| Name of publisher, distributor, etc | DHANPAT RAI PUB. |
| Place of publication, distribution, etc | NEW DELHI |
| Year of Publication | 2003 |
| 300 ## - PAGE DESCRIPTION | |
| No. of Pages | 175p. |
| 942 ## - ADDED ENTRY ELEMENTS (KOHA) | |
| Source of classification or shelving scheme | Dewey Decimal Classification |
| Koha item type | FCM Books |
| Withdrawn status | Lost status | Source of classification or shelving scheme | Damaged status | Not for loan | Collection code | Home library | Current library | Shelving location | Date acquired | Vendor Name | Cost, normal purchase price | SGTU | Total Checkouts | Full call number | Accession No. (Barcode) | Date last seen | Bill Date | Koha item type |
|---|---|---|---|---|---|---|---|---|---|---|---|---|---|---|---|---|---|---|
| Dewey Decimal Classification | COMMERCE MANAGEMENT | SGT Science & Social Sciences Library | SGT Science & Social Sciences Library | Text Book | 08/01/2014 | GIFT BY DR. DILIP SINGH | 75.00 | SGTU | 651.74 MAL | CM351 | 24/03/2015 | 24/03/2015 | FCM Books | |||||
| Dewey Decimal Classification | COMMERCE MANAGEMENT | SGT Science & Social Sciences Library | SGT Science & Social Sciences Library | Text Book | 08/01/2014 | GIFT BY DR. DILIP SINGH | 75.00 | SGTU | 651.74 MAL | CM352 | 24/03/2015 | 24/03/2015 | FCM Books |